000 00628nam a22002297a 4500
003 UA-OsUOA
001 70168
007 ta
008 20100831b un ||||| |||| 00| 0 ukr d
100 _aДнепров В.
090 _a82.09(091)
_bД54
942 _cBK
040 _aUA-OsUOA
_brus
_cUA-OsUOA
_dUA-OsUOA
245 _aИдеи времени и формы времени
300 _a595 с.
955 _a2
041 _arus
080 _a82.09(091)
260 _aМ.
_bСоветский писатель
_c1980
650 7 _a82 Література. Літературознавство
_2UDC
999 _c356441
_d356441